[Event "Irkutsk Region-ch U19"]
[Site "Irkutsk"]
[Date "2015.06.26"]
[Round "7"]
[White "Barbaeva, Irina"]
[Black "Ergeshov, Chingiz"]
[Result "1/2-1/2"]
[WhiteElo "1913"]
[BlackElo "1862"]
[PlyCount "130"]
[EventDate "2015.06.20"]
[EventType "swiss"]
[EventRounds "7"]
[EventCountry "RUS"]
[SourceTitle "EXT 2022"]
[Source "ChessBase"]
[SourceDate "2021.10.06"]
[SourceVersion "1"]
[SourceVersionDate "2021.10.06"]
[SourceQuality "1"]

1. e4 c6 2. d4 d5 3. Nc3 dxe4 4. Nxe4 Bf5 5. Ng3 Bg6 6. Nh3 e6 7. Nf4 Bd6 8. h4 Qc7 9. Nge2 Bf5 10. Be3 Nf6 11. f3 h5 12. Qd2 Nbd7 13. 0-0-0 0-0-0 14. Nh3 Nd5 15. Ng5 Bb4 16. c3 Qa5 17. a3 Bxa3 18. Ng3 Nc5 19. Bc4 Nb6 20. Ba2 Nd3+ 21. Kb1 Nxb2+ 22. Nxf5 Qxf5+ 23. Qc2 Nxd1 24. Rxd1 Qxc2+ 25. Kxc2 Nd5 26. Bxd5 Rxd5 27. Nxf7 Rf8 28. Ng5 Bd6 29. Ra1 Rxg5 30. Bxg5 a6 31. Re1 Kd7 32. c4 Bf4 33. Rb1 Kc7 34. Be7 Re8 35. Bg5 Bxg5 36. hxg5 Rd8 37. Kc3 Rf8 38. Re1 Rf5 39. Rxe6 Rxg5 40. Re2 b5 41. Ra2 h4 42. Rxa6 Rxg2 43. cxb5 cxb5 44. Ra8 Rg3 45. Kb4 Rxf3 46. Ra7+ Kc6 47. Rxg7 h3 48. Rh7 Rd3 49. Rh4 Rg3 50. Rh6+ Kd5 51. Rh4 Ke6 52. Kxb5 Kf5 53. d5 Kg5 54. Rh8 Kg4 55. d6 Rd3 56. Kc6 Rc3+ 57. Kb7 Rb3+ 58. Kc7 Rc3+ 59. Kb7 Rd3 60. Kc7 Kg3 61. d7 h2 62. d8Q Rxd8 63. Kxd8 Kg2 64. Ke7 h1Q 65. Rxh1 Kxh1 1/2-1/2

[Event "Irkutsk Region-ch U19"]
[Site "Irkutsk"]
[Date "2015.06.25"]
[Round "6"]
[White "Ergeshov, Timur"]
[Black "Barbaeva, Irina"]
[Result "1-0"]
[WhiteElo "2081"]
[BlackElo "1913"]
[PlyCount "59"]
[EventDate "2015.06.20"]
[EventType "swiss"]
[EventRounds "7"]
[EventCountry "RUS"]
[SourceTitle "EXT 2022"]
[Source "ChessBase"]
[SourceDate "2021.10.06"]
[SourceVersion "1"]
[SourceVersionDate "2021.10.06"]
[SourceQuality "1"]

1. d4 d5 2. c4 c6 3. cxd5 cxd5 4. Nc3 Nf6 5. Bf4 Nc6 6. e3 a6 7. Bd3 e6 8. Rc1 Bd6 9. Bxd6 Qxd6 10. f4 0-0 11. Nf3 b5 12. 0-0 Bb7 13. Ne5 b4 14. Na4 Ne4 15. Bxe4 dxe4 16. Nc5 Nxe5 17. fxe5 Qe7 18. Qg4 Bd5 19. b3 f5 20. exf6 Rxf6 21. Nxe4 Rg6 22. Qf4 Qb7 23. Rc7 Qb8 24. Ng3 Qd8 25. Qf7+ Kh8 26. e4 Bxe4 27. Nxe4 Qxd4+ 28. Kh1 Rg8 29. Rc4 Qb2 30. Qxg8+ 1-0

[Event "World School-ch U15 Girls 11th"]
[Site "Pattaya"]
[Date "2015.05.10"]
[Round "5"]
[White "Slessarchuk, Yelena"]
[Black "Barbaeva, Irina"]
[Result "0-1"]
[WhiteElo "1672"]
[BlackElo "1856"]
[PlyCount "50"]
[EventDate "2015.05.07"]
[EventType "swiss"]
[EventRounds "9"]
[EventCountry "THA"]
[SourceTitle "CBM 166 Extra"]
[Source "ChessBase"]
[SourceDate "2015.06.18"]
[SourceVersion "1"]
[SourceVersionDate "2015.06.18"]
[SourceQuality "1"]

1. e4 c5 2. Nf3 d6 3. d4 cxd4 4. Nxd4 Nf6 5. Nc3 a6 6. f3 e5 7. Nb3 Be6 8. Be3 Nbd7 9. Qd2 b5 10. Bd3 Be7 11. 0-0-0 Nb6 12. Qe2 0-0 13. g4 Nc4 14. Bg5 Nxe4 15. Qxe4 Bxg5+ 16. Kb1 g6 17. Qe2 Qc7 18. h4 Bf6 19. g5 Bg7 20. Ne4 d5 21. Nf2 a5 22. h5 a4 23. Nc1 Nxb2 24. Kxb2 e4+ 25. Kb1 Qc3 0-1

[Event "Irkutsk Region-ch sf3"]
[Site "Irkutsk"]
[Date "2014.08.09"]
[Round "6"]
[White "Barbaeva, Irina"]
[Black "Nevsky, Igor"]
[Result "1-0"]
[WhiteElo "1761"]
[BlackElo "1871"]
[PlyCount "89"]
[EventDate "2014.08.04"]
[EventType "swiss"]
[EventRounds "9"]
[EventCountry "RUS"]
[SourceTitle "EXT 2016"]
[Source "ChessBase"]
[SourceDate "2015.10.08"]
[SourceVersion "1"]
[SourceVersionDate "2015.10.08"]
[SourceQuality "1"]

1. e4 c5 2. Nf3 d6 3. d4 cxd4 4. Nxd4 Nf6 5. Nc3 a6 6. Be3 e6 7. f3 Be7 8. Qd2 Qc7 9. g4 Nfd7 10. 0-0-0 b5 11. Nce2 Bb7 12. Ng3 Ne5 13. g5 Nbd7 14. f4 Nc4 15. Bxc4 Qxc4 16. Kb1 Rc8 17. Rhg1 b4 18. h4 Nc5 19. b3 Qc3 20. f5 Nxe4 21. Nxe4 Bxe4 22. fxe6 f5 23. Qxc3 bxc3 24. Rgf1 d5 25. Nxf5 Rg8 26. Bd4 Bc5 27. Nxg7+ Rxg7 28. Bxg7 Ke7 29. Bxc3 Kxe6 30. Kb2 Be7 31. Rde1 Rc6 32. Rf4 Bd6 33. Rfxe4+ dxe4 34. Rxe4+ Kf5 35. Re3 Bf4 36. Re7 h6 37. Rf7+ Ke4 38. Rf6 Rxf6 39. Bxf6 Kf5 40. c4 hxg5 41. hxg5 Bd6 42. Kc3 a5 43. Kd4 Ke6 44. c5 Bc7 45. a3 1-0